Personagens do Squad Busters - Statistics

Estatísticas Gerais
  • Esse quiz foi jogado 65 vezes
    41 desde o último reset
  • A pontuação média é 16 de 39
Estatísticas das Respostas
Resposta % Correto
Shelly
86%
Colt
83%
Bárbaro
72%
Bruxa
72%
Galinha
72%
Rei Bárbaro
62%
Mortis
59%
Greg
55%
Nita
55%
Bo
52%
Rainha Arqueira
52%
Corredor
48%
El Primo
48%
Goblin
48%
Jessie
48%
Peso-Pesado
48%
Bea
45%
Mago
45%
Médico
45%
Rei Royale
45%
Comerciante
41%
Garota Tanque
41%
Penny
41%
Mavis
38%
Max
38%
Pam
38%
Dynamike
31%
Mago de Gelo
31%
Curadora Guerreira
28%
Doutor T
24%
Bandida
21%
El Tigre
14%
Bruxa Kitsune
10%
Dragão Galinha
7%
Shelly Mágica
7%
Garota-Lanche
3%
Rei do Resort Royale
3%
Bárbaro Pimentão
0%
Comerciante Urbano
0%
Nenhum quiz correspondente encontrado
Distribuição das Pontuações
Porcentagem de Pessoas com Cada Pontuação
Percentil de Números Respondidos
Sua Pontuação Histórica
Você não jogou esse quiz desde o último reset